Computer Learning (Record no. 10939)

MARC details
000 -LEADER
fixed length control field 00270nam a22000977a 4500
008 - FIXED-LENGTH DATA ELEMENTS--GENERAL INFORMATION
fixed length control field 180412b ||||| |||| 00| 0 eng d
020 ## - INTERNATIONAL STANDARD BOOK NUMBER
International Standard Book Number 9788121928335
100 ## - MAIN ENTRY--PERSONAL NAME
Personal name Mehrotra, Dheeraj
9 (RLIN) 6745
245 ## - TITLE STATEMENT
Title Computer Learning
260 ## - PUBLICATION, DISTRIBUTION, ETC. (IMPRINT)
Place of publication, distribution, etc. New Delhi
Name of publisher, distributor, etc. S, Chand and Company Ltd
Date of publication, distribution, etc. 2009
Holdings
Withdrawn status Lost status Source of classification or shelving scheme Damaged status Koha normalized classification for sorting Not for loan Home library Current library Shelving location Date acquired Total Checkouts Full call number Barcode Date last seen Price effective from Koha item type
    Dewey Decimal Classification   MEH_004_000000000000000_D9   Good Samaritan School Library Good Samaritan School Library Computer Science 04/12/2018   MEH004 D-9 MEH4849 04/12/2018 04/12/2018 BOOK

Powered by Koha